[Event "8th RTU Open 2018"]
[Site "Riga"]
[Date "2018.08.07"]
[Round "2"]
[White "Pershin, Denis"]
[Black "Holland, James P"]
[Result "1-0"]
[WhiteElo "2403"]
[BlackElo "2212"]
[Annotator "TA"]
[PlyCount "65"]
[EventDate "2018.08.06"]
[EventType "swiss"]
[EventCountry "LAT"]
[SourceTitle "playchess.com"]
[Source "ChessBase"]
[SourceQuality "1"]

{[%evp 12,65,25,13,17,6,37,11,54,36,63,44,133,101,152,137,133,120,146,122,129,125,119,84,123,78,202,197,197,197,308,283,300,296,340,370,346,361,386,377,755,755,1113,1081,1006,910,5887,5887,2720,754,754,754,736,681,564,504]} 1. d4 Nf6 2. Bf4 d5 3. e3 g6 4. Nc3 Bg7 5. h4 c5 6. Nb5 {D00: 1 d4 d5: Unusual lines} Na6 7. c3 {LiveBook: 13 Games} Bg4 8. Be2 {The position is equal.} h5 $146 ({Predecessor:} 8... Bxe2 9. Nxe2 O-O 10. Be5 h5 11. Nf4 {½-½ (47) Karjakin,S (2762)-Safarli,E (2657) Berlin 2015}) 9. Nf3 Bxf3 10. Bxf3 Qb6 11. a4 Rc8 (11... O-O $14) 12. Qe2 c4 (12... Ra8 $142) 13. b3 cxb3 14. O-O O-O 15. Rfb1 Qa5 16. Rxb3 Nb8 17. Qb2 Nbd7 18. Rb4 Ne4 (18... Rc6 $16) 19. Bxe4 dxe4 {[#]} 20. Nxa7 $1 {[%mdl 512]} Qxa7 (20... Ra8 {might work better.}) 21. Rxb7 $18 Qa5 {And now ...e5 would win.} 22. Rxd7 e5 23. Bxe5 Bxe5 24. dxe5 Qxe5 25. a5 {[%cal Ba4a5,Ba5a6,Ba6a7][%mdl 32]} Rxc3 $2 (25... Qe6) 26. a6 {White is clearly winning.} Qf5 27. Rb7 Rcc8 28. a7 Ra8 29. Rb8 Qd5 30. Qb7 (30. Rb1 $142 Qd3 31. Qe5 Qxb1+ 32. Rxb1 Rxa7 33. g4) 30... Qxb7 31. Rxb7 Kg7 32. Ra4 Rfe8 33. Rd4 {Precision: White = 54%, Black = 17%.} 1-0

[Event "8th RTU Open 2018"]
[Site "Riga"]
[Date "2018.08.07"]
[Round "2"]
[White "Martin, Julian"]
[Black "Martinkus, Rolandas"]
[Result "1-0"]
[WhiteElo "2392"]
[BlackElo "2150"]
[Annotator "TA"]
[PlyCount "75"]
[EventDate "2018.08.06"]
[EventType "swiss"]
[EventCountry "LAT"]
[SourceTitle "playchess.com"]
[Source "ChessBase"]
[SourceQuality "1"]

{[%evp 21,75,33,33,35,36,31,70,72,63,62,91,90,93,75,92,91,111,111,117,116,116,114,137,126,157,164,196,170,189,160,154,134,183,183,220,202,199,208,253,237,230,234,228,221,228,216,251,276,261,262,258,274,428,412,415,415]} 1. e4 e5 2. Nf3 Nc6 3. Bc4 Be7 4. O-O Nf6 5. d3 O-O 6. Re1 d6 7. a4 h6 8. a5 {C55: Zweispringerspiel} (8. c3 a6 9. Nbd2 Be6 10. Qc2 Qd7 11. b4 Nh7 12. Bxe6 fxe6 13. Bb2 b6 14. b5 axb5 15. axb5 Na5 16. c4 {½-½ (54) So,W (2812)-Ivanchuk,V (2738) Leuven 2017}) 8... a6 9. c3 Nh7 10. Nbd2 Ng5 11. d4 Bf6 {[%cal Re5d4] LiveBook: 3 Partien} 12. d5 Ne7 13. Bf1 $146 ({Vorgänger:} 13. Nf1 Ng6 14. Bxg5 Bxg5 15. Ng3 Bg4 16. h3 Bd7 17. Nxg5 Qxg5 {1-0 (42) Chigaev,M (2551)-Musalov,R (2332) Sochi 2016}) 13... g6 14. c4 Nxf3+ 15. Nxf3 Kg7 16. b4 Ng8 17. Bb2 Bg5 18. Ra3 Bg4 19. h3 Bxf3 20. Rxf3 h5 21. c5 Nh6 22. Qc2 Qb8 23. Rb3 Qa7 24. g3 Be7 25. f4 f6 26. Rc3 Nf7 27. Bc1 {[%cal Bb2c1,Bc1e3,Be3c5][%mdl 32]} c6 28. Be3 {[#] zielt auf cxd6 ab.} Qb8 29. Rb1 Rd8 30. Bc4 Qc7 31. dxc6 bxc6 {Schwarz will ...d5 spielen.} 32. cxd6 Rxd6 33. Bc5 exf4 34. Bxf7 ({Finger weg von} 34. gxf4 $6 Rdd8 $18) 34... Kxf7 35. Bxd6 ({Nicht} 35. gxf4 Re6 $16) 35... Qxd6 36. Rxc6 Qd7 (36... Qd4+ {war nötig.} 37. Kg2 fxg3 38. Qc4+ (38. Kxg3 Qe5+ 39. Kf3 Bd6 $14) 38... Qxc4 39. Rxc4 h4) 37. gxf4 $18 Qxh3 38. Qb3+ {Precision: Weiß = 80%, Schwarz = 25%.} 1-0

[Event "8th RTU Open 2018"]
[Site "Riga"]
[Date "2018.08.07"]
[Round "2"]
[White "Krupenski, Juri"]
[Black "Seyhanoglu, Deniz"]
[Result "1-0"]
[WhiteElo "2390"]
[BlackElo "2090"]
[Annotator "TA"]
[PlyCount "49"]
[EventDate "2018.08.06"]
[EventType "swiss"]
[EventCountry "LAT"]
[SourceTitle "playchess.com"]
[Source "ChessBase"]
[SourceQuality "1"]

{[%evp 17,49,12,31,0,25,25,19,12,16,21,37,41,301,304,304,292,337,99,74,0,306,298,303,302,275,277,479,462,712,586,939,630,29998,29999]} 1. e4 c5 2. Nf3 e6 3. c3 Nf6 4. e5 Nd5 5. d4 cxd4 6. cxd4 b6 7. Bc4 Bb7 {B22: Sicilian: 2 c3} 8. Bxd5 Bxd5 9. Nc3 Bb7 {LiveBook: 3 Games. The position is equal.} 10. Ng5 f6 11. Nge4 d5 $146 ({Predecessor:} 11... f5 12. Bg5 Qc8 13. Qh5+ g6 14. Nf6+ Kf7 15. Qh3 {1-0 (49) Savchenko,B (2566)-Svidler,P (2765) Riadh 2017}) 12. exd6 $1 Bxd6 13. Qg4 Kf7 $1 14. O-O Re8 $2 {[%mdl 8192]} (14... Be7 $14) 15. Qh5+ $18 Kf8 16. Qxh7 Nc6 {[#]} 17. Nxf6 $2 (17. Bh6 $1 $18 {[%mdl 512] and White stays clearly on top.} gxh6 18. Qxh6+ Kf7 19. Qh7+ Kf8 20. Qxb7 Nxd4 21. Qh7) 17... Qxf6 $16 18. Ne4 $40 {[%cal Bc3e4,Be4f6,Bf6g4][%mdl 160] White mounts an attack.} Qe7 $2 {[%mdl 8192]} ({Don't go for} 18... Qxd4 $2 19. Be3 $18) (18... Qd8 $1 $11 {and Black has nothing to worry.}) 19. Bg5 $18 Qc7 {[#]} 20. Nf6 $1 {[%mdl 512] Hoping for Qg8+.} Kf7 {White must now prevent ...Rh8.} (20... gxf6 21. Bh6+) 21. Ng4 {White threatens Nh6+ and mate.} ({Stronger than} 21. Nxe8 Rxe8 22. d5 Nd4 $11) 21... Rf8 $2 {[#]} (21... Re7 {might work better.} 22. Rfe1 Kf8) 22. d5 $1 {[%mdl 512]} exd5 (22... Bxh2+ $142 23. Nxh2 Qe5) 23. Rfe1 {[%csl Gg5,Gh7][%cal Rg4h6]} Ne5 24. Rac1 Nxg4 25. Rxc7+ {Precision: White = 68%, Black = 21%.} 1-0

[Event "8th RTU Open 2018"]
[Site "Riga"]
[Date "2018.08.07"]
[Round "2"]
[White "Gorbatov, Alexej"]
[Black "Luessmann, Thomas"]
[Result "1-0"]
[WhiteElo "2389"]
[BlackElo "2061"]
[Annotator "TA"]
[PlyCount "67"]
[EventDate "2018.08.06"]
[EventType "swiss"]
[EventCountry "LAT"]
[SourceTitle "playchess.com"]
[Source "ChessBase"]
[SourceQuality "1"]

{[%evp 14,67,51,48,45,54,58,21,47,19,22,2,25,12,38,33,138,152,205,202,222,222,577,604,558,531,1047,574,1043,318,279,282,309,291,298,293,259,237,768,768,768,768,768,768,768,768,907,768,952,845,812,702,29993,29994,29998,29999]} 1. e4 e6 2. d4 d5 3. Nd2 dxe4 4. Nxe4 Bd7 5. c4 Bc6 6. Nc3 {C10: French with 3 Nc3: Unusual Black 3rd moves and 3...dxe4} Nf6 7. Be3 (7. Nf3 Bb4 8. Be2 O-O 9. a3 Bxc3+ 10. bxc3 Nbd7 11. Bf4 h6 12. O-O Re8 13. h3 {1-0 (69) Onischuk,V (2612)-Kovalenko,I (2700) Bastia 2015}) 7... Be7 8. Nf3 {LiveBook: 6 Games. White is slightly better.} b6 9. Ne5 Bb7 10. Qa4+ $146 (10. Be2 {feels hotter.} Qc8 11. Bf3 Nfd7 12. Nd3 O-O 13. O-O) ({Predecessor:} 10. Be2 O-O 11. Bf3 Bxf3 12. Qxf3 c6 13. O-O {½-½ (75) Svoboda,V (2266)-Pokrupa,M (2199) Czechia 2010}) 10... c6 11. O-O-O O-O 12. Bd3 Qc8 13. Qc2 Na6 14. a3 Rd8 (14... b5 $14) 15. Rhe1 $16 c5 (15... b5 $16 {might work better.}) 16. d5 $1 $18 Nc7 {[%cal Re6d5]} 17. Bg5 Nfxd5 $2 (17... exd5 {is more resistant.} 18. Bxf6 Bxf6) 18. Bxh7+ Kf8 19. Nxf7 Kxf7 20. Qg6+ Kf8 {[#] Threatens to win with ...Nf6.} 21. cxd5 $2 (21. Bh6 {[%csl Gg6][%cal Rh6g7]} Ne8 22. Rxe6 Qxe6 23. Qxe6) 21... Bxg5+ 22. Qxg5 Nxd5 23. Nxd5 Rxd5 24. Qf4+ Ke7 25. Bg6 $40 {[%mdl 128] Black is in trouble.} Qf8 $2 (25... Rb8 26. Qf7+ Kd6 27. Qf4+ Ke7) 26. Qc7+ Kf6 27. Qxb7 {[#] White threatens Rxe6+! and mate.} Rxd1+ 28. Rxd1 Kxg6 {[%mdl 4096] Endgame KQR-KQR} 29. Qe4+ Kg5 30. Qe5+ Kg6 31. Rd3 Re8 32. Rf3 Qe7 33. Qe4+ Kg5 34. Rg3+ {Precision: White = 73%, Black = 42%.} 1-0

[Event "8th RTU Open 2018"]
[Site "Riga"]
[Date "2018.08.07"]
[Round "2"]
[White "Jackson, James P"]
[Black "Jazdanovs, Aleksandrs"]
[Result "0-1"]
[WhiteElo "2380"]
[BlackElo "2042"]
[Annotator "TA"]
[PlyCount "66"]
[EventDate "2018.08.06"]
[EventType "swiss"]
[EventCountry "LAT"]
[SourceTitle "playchess.com"]
[Source "ChessBase"]
[SourceQuality "1"]

{[%evp 21,66,0,2,2,16,14,21,21,33,29,33,0,61,-19,-34,-34,-39,-45,-37,-166,-172,-191,-176,-188,-127,-221,-220,-212,-208,-270,-271,-270,-262,-395,-396,-390,-370,-475,-475,-488,-482,-688,-686,-938,-921,-2487,-1807]} 1. e4 c5 2. Nf3 d6 3. d4 cxd4 4. Nxd4 Nf6 5. Nc3 a6 6. h3 e5 7. Nde2 h5 {B90: Sizilianisch (Najdorf-Variante, Abweichungen)} (7... b5 8. Ng3 Qc7 9. Bd3 g6 10. O-O Bg7 11. Bd2 O-O 12. a4 b4 13. Na2 a5 14. c3 bxc3 15. Nxc3 Be6 {½-½ (40) Svidler,P (2760)-Khismatullin,D (2632) Sochi 2018}) 8. Bg5 Be6 9. Bxf6 Qxf6 10. Nd5 Qd8 11. Qd3 Nd7 {LiveBook: 32 Partien} 12. Nec3 Rc8 13. O-O-O g6 14. Kb1 Bh6 15. g3 Nc5 $146 16. Qf3 O-O (16... b5 $11) 17. Bc4 (17. h4 $1 $14) 17... b5 18. Bb3 Rb8 19. Qe2 Bd7 $36 {[%mdl 2048] Und weiter mit ...b4 wäre nett. Schwarz hat Initiative.} 20. f4 ({Lieber} 20. Ne3 $1 $15) 20... b4 $19 21. Nxb4 Rxb4 22. Rxd6 Kh7 (22... exf4 23. Rxg6+ Bg7 24. gxf4 $11) (22... Bg7 $19 23. Rxg6 Nxb3 24. Rxg7+ Kxg7 25. axb3 Rh8) 23. Nd5 (23. Rhd1 $17) 23... Nxe4 ({Und nicht} 23... Rxe4 24. Qf2 $15) 24. Rxd7 Qxd7 25. Nxb4 {[#]} Nd2+ $1 26. Ka1 exf4 {[%cal Be5f4,Bf4g3][%mdl 32]} 27. Bd5 (27. g4 $142 Qb7 28. Bd5 Qxb4 29. c3) 27... a5 {[%cal Ba6a5,Ba5b4][%mdl 32]} (27... fxg3 $2 28. Qxa6 Rb8 29. Qc6 $19) 28. Qxd2 fxg3 ({Nicht} 28... axb4 29. g4 $17) 29. Qg2 {Droht stark Sd3.} axb4 {Schwarz steht klar auf Gewinn.} 30. Rd1 Qc7 31. Qe4 (31. Kb1 $142 Bg7 32. Qe4) 31... Bg7 32. Re1 Rd8 33. Qg2 {[#]} Bxb2+ $1 {[%mdl 512] Precision: Weiß = 37%, Schwarz = 80%.} 0-1

[Event "8th RTU Open 2018"]
[Site "Riga"]
[Date "2018.08.07"]
[Round "2"]
[White "Shishkov, Andrei"]
[Black "Kovalenko, Igor"]
[Result "1/2-1/2"]
[WhiteElo "2370"]
[BlackElo "2641"]
[Annotator "TA"]
[PlyCount "133"]
[EventDate "2018.08.06"]
[EventType "swiss"]
[EventCountry "LAT"]
[SourceTitle "playchess.com"]
[Source "ChessBase"]
[SourceQuality "1"]

{[%evp 10,133,37,37,53,48,45,49,79,87,88,71,74,68,73,71,100,77,83,82,106,97,104,110,110,31,25,15,19,4,11,10,39,14,17,8,7,13,10,0,0,0,0,0,7,0,0,0,0,0,0,0,0,0,0,0,18,0,0,0,25,0,0,0,31,46,43,33,35,19,12,14,15,0,13,-13,17,-18,-18,-18,-18,-18,0,0,0,0,0,0,0,-36,-22,-19,0,0,0,0,0,0,0,0,0,0,0,0,0,0,0,0,0,0,0,0,8,8,8,0,0,0,0,0,0,0,0,0,0,0]} 1. d4 Nf6 2. c4 e6 3. Nc3 Bb4 4. Qc2 d6 5. e3 Nbd7 6. Bd3 {LiveBook: 5 Games. E32: Nimzo-Indian: Classical (4 Qc2): 4...0-0} b6 $146 ({Predecessor:} 6... Bxc3+ 7. Qxc3 b6 8. Ne2 Bb7 9. f3 c5 10. e4 O-O 11. O-O h6 12. b3 Re8 13. d5 exd5 14. exd5 {½-½ (31) Gajewski,G (2653)-Fedorchuk,S (2660) Haguenau 2013}) 7. Nge2 Bb7 8. O-O {White is slightly better.} Bxc3 9. Nxc3 c5 10. b3 O-O 11. Bb2 cxd4 12. exd4 Qc7 13. Rfd1 a6 14. Rac1 Kh8 15. f3 d5 16. cxd5 Bxd5 17. Nxd5 (17. Ne4 $16 Qf4 18. Qd2) 17... Qxc2 $14 18. Bxc2 Nxd5 19. Be4 N7f6 20. Kf2 b5 21. Bd3 Rfd8 22. Rd2 Nb4 23. Bb1 Kg8 24. Ba3 Nbd5 25. Bc5 h5 26. b4 a5 27. bxa5 Rxa5 28. Rb2 g6 29. Bd3 b4 30. Bc4 Kg7 31. h4 Ra3 32. Bb3 Rd7 33. g3 Rd8 34. Rcc2 (34. Rc4 {with more complications.} Rb8 35. Bd6 Rb6 36. Be5 Kf8 37. Rc8+) 34... Rd7 (34... Raa8 {looks sharper.} 35. Bc4 Ra4 36. Bb5 Ra3 37. Rd2 Rda8) 35. Bxd5 (35. Rc4 {seems wilder.} Ng8 36. Bxb4 Nxb4 37. Rxb4 Nh6 38. d5) 35... Nxd5 36. Bxb4 Ra4 37. Bc5 Kf6 38. a3 Ne7 39. Rd2 Nf5 40. Ra2 Rd5 41. Rab2 Kg7 42. Rbc2 Kg8 43. Re2 Nxd4 44. Bxd4 Rdxd4 $11 {[%mdl 4096] Endgame KRR-KRR} 45. Re3 Rd1 46. Ra2 Rh1 {[#] aiming for ...Rh2+.} 47. Kg2 Rb1 48. Kf2 Kg7 49. Re1 Rb6 (49... Rb8 {keeps more tension.} 50. Re3 Rba8 51. Rc3 R4a5 52. Rb3 R8a7) 50. Re4 {The position is equal.} Ra5 51. a4 f5 52. Rc4 e5 53. Rac2 Re6 54. Rb2 Rd5 55. Rc7+ Kf6 56. Rbb7 {[%csl Gb7][%cal Rc7f7] [#]} e4 57. Rf7+ (57. f4 {feels hotter.} Re8 58. Rb6+ Re6 59. Rbb7) 57... Ke5 58. Rfe7 Rd2+ 59. Ke1 Rdd6 60. Rb5+ Kd4 61. Rxe6 Rxe6 {KR-KR} 62. Ke2 Rc6 63. Rb4+ Ke5 64. Rb5+ Kf6 65. fxe4 fxe4 66. Rg5 Rc3 67. a5 {Precision: White = 61%, Black = 52%.} 1/2-1/2

[Event "8th RTU Open 2018"]
[Site "Riga"]
[Date "2018.08.07"]
[Round "2"]
[White "Kulkarni, Rakesh"]
[Black "Donchenko, Alexander"]
[Result "0-1"]
[WhiteElo "2363"]
[BlackElo "2612"]
[Annotator "TA"]
[PlyCount "64"]
[EventDate "2018.08.06"]
[EventType "swiss"]
[EventCountry "LAT"]
[SourceTitle "playchess.com"]
[Source "ChessBase"]
[SourceQuality "1"]

{[%evp 9,64,-60,-60,-53,-50,-57,-56,-62,-57,-79,-82,-89,-62,-83,-85,-85,-76,-77,-91,-89,-95,-99,-94,-97,-87,-90,-53,-115,-118,-120,-120,-124,-119,-157,-151,-150,-153,-135,-162,-152,-143,-259,-239,-302,-272,-512,-509,-556,-556,-558,-556,-656,-647,-637,-633,-886,-703]} 1. c4 c5 2. Nc3 g6 3. h4 (3. g3 Bg7 4. Bg2 Nc6 5. e3 e6 6. b3 Nge7 7. Ba3 b6 8. Nge2 d5 9. cxd5 exd5 10. d4 cxd4 11. Nxd4 Nxd4 12. exd4 Ba6 13. Bf1 Bxf1 14. Kxf1 {0-1 (30) Kramnik,V (2792)-So,W (2778) Paris 2018}) 3... Nf6 4. e4 Nc6 5. g4 $146 ({Predecessor:} 5. d3 d6 6. Bg5 Bg7 7. Qd2 Be6 8. Nd5 Qd7 9. Be2 Nd4 10. Bd1 Bxd5 11. exd5 O-O-O {0-1 (60) Pogosian,V (2122)-Yangutov,A (1874) St Petersburg 2017}) 5... h5 6. g5 {A34: Symmetrical English: 2 Nc3, lines with ...d5} Ng4 7. f3 Nge5 8. d3 {Black is slightly better.} Bg7 9. Bg2 Nb4 10. Bf1 O-O 11. a3 Nbc6 12. Bg2 a6 13. Nge2 {[#]} b5 $1 {[%mdl 512]} 14. f4 (14. cxb5 axb5) 14... Ng4 15. O-O Rb8 16. cxb5 axb5 17. f5 b4 18. axb4 ({White should play} 18. Nd5 $15) 18... Nxb4 $17 19. Nf4 c4 20. d4 Nd3 21. f6 exf6 22. Nxd3 cxd3 23. Qxd3 fxg5 24. Bxg5 Qb6 25. Ra4 (25. Rfd1 $17) 25... Bb7 $40 {[%mdl 128] Black attacks with force.} 26. Be7 Rfe8 27. Bg5 $2 {[#]} (27. Bc5 Qc7 28. Qh3) 27... Bc6 {Black is clearly winning.} 28. Rc4 Ne5 29. Rxc6 dxc6 {[%cal Bd7c6,Bc6c5][%mdl 32]} 30. Qd1 Ng4 31. Ne2 c5 32. Nc3 Qxb2 {Precision: White = 42%, Black = 89%.} 0-1

[Event "8th RTU Open 2018"]
[Site "Riga"]
[Date "2018.08.07"]
[Round "2"]
[White "Quillan, Gary"]
[Black "Predke, Alexandr"]
[Result "0-1"]
[WhiteElo "2349"]
[BlackElo "2606"]
[Annotator "TA RC"]
[PlyCount "90"]
[EventDate "2018.08.06"]
[EventType "swiss"]
[EventCountry "LAT"]
[SourceTitle "playchess.com"]
[Source "ChessBase"]
[SourceQuality "1"]

{[%evp 28,90,0,-20,-23,-21,-21,-103,-99,-149,-106,-122,-78,-113,-134,-124,-131,-123,-118,-151,-139,-139,-81,-88,-74,-85,-77,-82,-40,-102,-104,-98,-95,-93,-86,-86,-86,-122,-128,-162,0,-115,-107,-93,-55,-170,-158,-146,-177,-1868,-1865,-4906,-4894,-4902,-262,-1665,-1477,-5447,-5683,-5220,-2035,-29984,-29985,-29990,-29991]} 1. e4 e5 2. Nf3 Nc6 3. Bb5 a6 4. Ba4 Nf6 5. O-O Be7 6. Re1 b5 7. Bb3 d6 8. c3 O-O 9. d4 {[%cal Bd2d4,Bd4d5][%mdl 32]} Bg4 10. d5 Na5 {[%cal Bc6a5,Ba5b7,Bb7c5][%mdl 32]} 11. Bc2 Qc8 12. h3 Bd7 13. Nbd2 c6 14. dxc6 Qxc6 {C91: Closed Ruy Lopez: 7...d6 8 c3 0-0 9 d4} (14... Bxc6 15. Nf1 Re8 16. Bg5 Qe6 17. b3 Rac8 18. Qd2 Nh5 19. g4 Nf6 20. Ng3 g6 21. Bh4 Nd7 22. Ng5 Bxg5 23. Bxg5 {1-0 (42) Andreikin,D (2723)-Grigoriants,S (2576) Minsk 2017}) 15. a4 {LiveBook: 3 Games} Nb7 16. Nf1 Nc5 {[%cal Rf6e4] The position is equal.} 17. a5 $146 (17. axb5 $11 axb5 18. Rxa8 Rxa8 19. Bg5) ({Predecessor:} 17. axb5 axb5 18. Rxa8 Rxa8 19. Bg5 h6 20. Bxf6 Bxf6 21. Ne3 Be6 22. Nd5 {0-1 (41) Raghavendra,V (2131)-Abdulla,A (2514) Mumbai 2008}) 17... Nfxe4 18. Nd4 Qb7 19. f3 {[%cal Rc2e4]} Nf6 20. Nf5 Bxf5 $1 21. Bxf5 Rfe8 22. Bc2 Rad8 23. Ng3 g6 $1 24. f4 Bf8 ({Black should play} 24... b4 25. Rf1 Rc8) 25. f5 $17 d5 26. Bg5 Rd6 27. Rf1 {fxg6 is the strong threat.} Bg7 28. Bxf6 (28. b4 $15 Ncd7 29. Qd2) 28... Rxf6 (28... Bxf6 $6 29. b4 $11) 29. b4 {[#]} Na4 $1 {[%mdl 512]} 30. Bxa4 bxa4 31. Qxa4 Rc8 32. Qb3 Rc4 33. fxg6 Rxg6 $2 ({But not} 33... fxg6 34. Ne2 $17) (33... hxg6 $19 {White must now prevent ...e4.} 34. Rxf6 Bxf6) 34. Kh2 (34. Nf5 $1 $11 {keeps the balance.}) 34... e4 35. Nf5 Bxc3 36. Rac1 {[#]} (36. Rad1 $15) 36... Qc7+ $1 $19 ({Worse is} 36... Qxb4 {[#]} 37. Rxc3 $1 {[%mdl 512]} Qxc3 38. Qb8+ Rc8 39. Ne7+ Kg7 40. Nxc8 $16) ({Don't take} 36... Bxb4 37. Rxc4 dxc4 38. Qxc4 $15) 37. Kh1 Bxb4 $40 {[%mdl 128] Black goes for the king.} 38. Qxb4 $2 (38. Rxc4 Qxc4 39. Rb1 Qxb3 40. Rxb3) 38... Rxc1 {[%cal Rc1f1]} 39. Ne7+ {[#]} Qxe7 $1 {[%mdl 512]} 40. Qxe7 Rxf1+ {KQ-KRR} 41. Kh2 Rf2 42. Qe8+ Kg7 43. Qe5+ Kh6 44. h4 Rfxg2+ 45. Kh1 R2g4 {Precision: White = 33%, Black = 76%.} 0-1

[Event "8th RTU Open 2018"]
[Site "Riga"]
[Date "2018.08.07"]
[Round "2"]
[White "Rietze, Clemens"]
[Black "Svane, Rasmus"]
[Result "0-1"]
[WhiteElo "2339"]
[BlackElo "2591"]
[Annotator "TA"]
[PlyCount "110"]
[EventDate "2018.08.06"]
[EventType "swiss"]
[EventCountry "LAT"]
[SourceTitle "playchess.com"]
[Source "ChessBase"]
[SourceQuality "1"]

{[%evp 19,110,0,0,0,2,-18,12,0,0,-13,27,-5,27,0,0,0,0,0,0,-2,6,7,4,-12,-10,-12,-12,-11,-16,-51,-35,-73,-61,-118,-100,-142,-132,-522,-207,-180,-117,-259,-239,-250,-152,-156,-134,-157,-162,-170,-173,-247,-234,-249,-249,-275,-302,-266,-197,-185,-165,-176,-166,-201,-195,-183,-174,-291,-293,-279,-287,-372,-353,-320,-303,-502,-494,-516,-512,-502,-508,-539,-528,-729,-695,-627,-560,-698,-470,-610,-593,-508,-502]} 1. d4 Nf6 2. c4 e6 3. Nc3 Bb4 4. e3 O-O 5. Nge2 c6 (5... d5 6. a3 Be7 7. cxd5 exd5 8. Nf4 c6 9. Bd3 Na6 10. O-O Nc7 11. f3 Re8 12. Bd2 Bf8 13. Qe1 g6 14. g4 c5 15. Qf2 b6 16. h4 Bd6 17. Nce2 {0-1 (54) Caruana,F (2816)-Karjakin,S (2782) Leuven 2018}) 6. a3 {E46: Nimzoindisch (Rubinstein-System)} Ba5 7. Qc2 d5 8. Ng3 Nbd7 9. Be2 dxc4 10. Bxc4 e5 {LiveBook: 20 Partien} 11. O-O exd4 12. exd4 Bc7 13. Ba2 Nb6 $146 14. Rd1 Qd6 15. Bg5 (15. d5 $5) 15... h6 16. Bxf6 (16. Nb5 $5 cxb5 17. Bxf6 $14) 16... Qxf6 17. d5 cxd5 18. Bxd5 Be5 19. Rac1 Bf4 20. Rb1 Bg4 21. f3 Be6 22. Bxe6 Qxe6 23. Qe4 Be5 24. Re1 Rfe8 25. Qb4 Rad8 26. Nge2 (26. Re2 $15) 26... Qc4 27. Rbd1 {[#]} Bd6 $1 {[%mdl 512]} 28. Qb5 $2 {[%mdl 8192] [#]} (28. Qxc4 $17 {ist zäher.} Nxc4 29. Ne4) (28. Rxd6 Qxb4) 28... Bc5+ $2 (28... Rxe2 $1 {[%mdl 512]} 29. Qxc4 (29. Nxe2 Qxb5) 29... Rxe1+ 30. Rxe1 Nxc4) 29. Kf1 $19 a6 (29... Qxb5 $19 30. Nxb5 Nc4 31. Rxd8 Rxd8) 30. Qa5 {[#]} (30. Rxd8 $17 Qxb5 31. Nxb5 Rxd8 32. b4) 30... Rc8 $1 {Weiss muss nun ...Dh4 beachten.} 31. Ne4 {Tc1 ist eine echte Drohung.} Rxe4 32. fxe4 {zielt auf Tc1 ab.} Qxe4 {( -> ...Df5+)} 33. Qc3 Nd5 34. Rxd5 Qxd5 35. Nf4 (35. b4 $142 Qf5+ 36. Qf3 Qxf3+ 37. gxf3) 35... Qf5 36. Qf3 Bd6 37. Nd5 Qxf3+ 38. gxf3 {[%mdl 4096] Endspiel KTL-KTS} Kf8 39. Re2 Re8 40. Rd2 Rd8 41. Nb6 Bc7 42. Rxd8+ Bxd8 {KL-KS} 43. Nd7+ (43. Nd5 {ist wohl besser.}) 43... Ke7 44. Nc5 Bb6 45. Nd3 Ke6 46. Ke2 Kd5 47. b3 $2 (47. Kd2) 47... Kd4 {Schwarz steht klar auf Gewinn.} 48. Kd2 Bc7 49. h3 f5 50. b4 Bd6 51. Nb2 Bf4+ 52. Ke2 g5 {[%cal Bg7g5,Bg5g4][%mdl 32]} 53. Na4 Bd6 54. Kd2 h5 55. Nb6 g4 {Precision: Weiß = 29%, Schwarz = 70%.} 0-1